00000000nam##2200000za#4500
0019.682138
003CaOODSP
00520210615132733
007ta
008150407|2003||||xxc|||||     f|0| 0 fre|d
020 |a1-894737-29-6
040 |aCaOODSP|bfre
043 |an-cn---
0861 |aEn134-35/2003F
1102 |aTable ronde nationale sur l'environnement et l'économie (Canada)
24510|aRéhabiliter le passé, construire l'avenir : |bune stratégie nationale des sites urbains contaminés réhabilitables pour le Canada
260 |aOttawa - Ontario : |bTable ronde nationale sur l'environnement et l'économie |c2003.
300 |axv, 50, 46p. : |bill. en couleur, références, tableaux ; |c28 cm.
5203 |aCette stratégie nationale des sites urbains contaminés réhabilitables pour le Canada renferme des recommandations en vue de transformer des propriétés industrielles ou commerciales abandonnées, inoccupées ou sous-utilisées – et, dans certains cas, contaminées – en centres de vie communautaire économiquement actifs. Elle fait état des principaux défis soulevés par le réaménagement des sites urbains contaminés, notamment l’incertitude juridique entourant la question de la responsabilité environnementale, le manque d’accès aux capitaux et le manque de sensibilisation des principaux groupes d’intérêts.
563 |aCouverture souple
590 |a03-39|b2003-09-26
69107|aÉconomie|2gcpds
69107|aGestion de l'environnement|2gcpds
69107|aMondialisation|2gcpds
69107|aQualité de vie|2gcpds
77508|tCleaning up the past, building the future : |w(CaOODSP)9.648882
7760#|tRéhabiliter le passé, construire l'avenir : |w(CaOODSP)9.631040